[Event "Russian Championship (Rapid, Women)"]
[Site "Sochi"]
[Date "2018.10.06"]
[Round "7.1"]
[White "Shuvalova, Polina"]
[Black "Ambartsumova, Karina"]
[Result "0-1"]
[BlackElo "2327"]
[WhiteElo "2342"]
[LiveChessVersion "1.4.8"]

1. e4 {[%clk 0:15:18]} c5 {[%clk 0:15:16]} 2. Nf3 {[%clk 0:15:26]} e6
{[%clk 0:15:23]} 3. c3 {[%clk 0:15:35]} d5 {[%clk 0:14:22]} 4. exd5
{[%clk 0:15:43]} Qxd5 {[%clk 0:13:58]} 5. d4 {[%clk 0:15:51]} Nf6
{[%clk 0:13:08]} 6. Na3 {[%clk 0:15:58]} cxd4 {[%clk 0:12:09]} 7. Nb5
{[%clk 0:15:37]} Na6 {[%clk 0:12:09]} 8. Qxd4 {[%clk 0:15:14]} Bc5
{[%clk 0:10:55]} 9. Qxd5 {[%clk 0:14:55]} Nxd5 {[%clk 0:11:04]} 10. a3
{[%clk 0:13:49]} Be7 {[%clk 0:09:10]} 11. c4 {[%clk 0:13:23]} Ndc7
{[%clk 0:08:38]} 12. Nc3 {[%clk 0:10:58]} f6 {[%clk 0:07:54]} 13. Be3
{[%clk 0:10:06]} e5 {[%clk 0:04:20]} 14. b4 {[%clk 0:10:01]} Be6 {[%clk 0:04:12]}
15. Be2 {[%clk 0:09:58]} b6 {[%clk 0:02:55]} 16. O-O {[%clk 0:09:39]} Kf7
{[%clk 0:02:56]} 17. Rac1 {[%clk 0:08:48]} Nb8 {[%clk 0:01:31]} 18. Rfd1
{[%clk 0:04:35]} Nc6 {[%clk 0:00:26]} 19. Nd5 Rac8 20. Nxe7 {[%clk 0:03:07]} Nxe7
{[%clk 0:00:39]} 21. c5 {[%clk 0:02:53]} Ncd5 {[%clk 0:00:34]} 22. Ba6
{[%clk 0:02:40]} Rc7 {[%clk 0:00:43]} 23. cxb6 {[%clk 0:02:02]} Rxc1
{[%clk 0:00:51]} 24. Rxc1 {[%clk 0:01:37]} axb6 {[%clk 0:00:58]} 25. Nd2
{[%clk 0:00:32]} Ra8 {[%clk 0:00:37]} 26. b5 {[%clk 0:00:41]} Nxe3
{[%clk 0:00:19]} 27. fxe3 {[%clk 0:00:50]} Rd8 {[%clk 0:00:27]} 28. Ne4
{[%clk 0:00:21]} Bf5 {[%clk 0:00:13]} 29. Bb7 {[%clk 0:00:15]} Rd7
{[%clk 0:00:13]} 30. Bc6 {[%clk 0:00:15]} Rd3 {[%clk 0:00:19]} 31. a4
{[%clk 0:00:15]} Nxc6 {[%clk 0:00:23]} 32. bxc6 {[%clk 0:00:20]} Bxe4
{[%clk 0:00:32]} 33. c7 {[%clk 0:00:24]} Bf5 {[%clk 0:00:30]} 34. c8=Q
{[%clk 0:00:25]} Bxc8 {[%clk 0:00:38]} 35. Rxc8 {[%clk 0:00:34]} Rxe3
{[%clk 0:00:40]} 36. Rb8 {[%clk 0:00:24]} Ra3 {[%clk 0:00:42]} 37. Rxb6
{[%clk 0:00:28]} Rxa4 {[%clk 0:00:51]} 38. Kf2 {[%clk 0:00:36]} h5
{[%clk 0:00:37]} 39. Rc6 {[%clk 0:00:44]} Kg6 {[%clk 0:00:27]} 40. Rc7
{[%clk 0:00:53]} Kh6 {[%clk 0:00:31]} 41. Rf7 {[%clk 0:01:00]} Rf4+
{[%clk 0:00:28]} 42. Ke3 {[%clk 0:01:00]} Ra4 {[%clk 0:00:32]} 43. Kf3
{[%clk 0:01:09]} Ra6 {[%clk 0:00:34]} 44. h3 {[%clk 0:00:56]} g5 {[%clk 0:00:34]}
45. Rf8 {[%clk 0:01:00]} Kg7 {[%clk 0:00:35]} 46. Rb8 {[%clk 0:01:07]} Ra3+
{[%clk 0:00:42]} 47. Kf2 {[%clk 0:01:13]} h4 {[%clk 0:00:46]} 48. Rc8
{[%clk 0:01:13]} Kg6 {[%clk 0:00:54]} 49. Rg8+ {[%clk 0:01:21]} Kf5
{[%clk 0:01:00]} 50. Rf8 {[%clk 0:01:29]} e4 {[%clk 0:00:59]} 51. Rf7
{[%clk 0:01:02]} Ke5 {[%clk 0:01:03]} 52. Re7+ {[%clk 0:00:59]} Kf4
{[%clk 0:01:11]} 53. Rf7 {[%clk 0:01:08]} f5 {[%clk 0:01:16]} 54. Rf8
{[%clk 0:01:02]} Ra2+ {[%clk 0:01:25]} 55. Kf1 {[%clk 0:01:11]} Ke3
{[%clk 0:01:08]} 56. Kg1 {[%clk 0:01:03]} f4 {[%clk 0:00:41]} 57. Rf5
{[%clk 0:00:44]} f3 {[%clk 0:00:24]} 58. gxf3 {[%clk 0:00:33]} exf3
{[%clk 0:00:33]} 59. Rxg5 {[%clk 0:00:34]} Ra1+ {[%clk 0:00:41]} 60. Kh2
{[%clk 0:00:43]} f2 {[%clk 0:00:48]} 61. Rf5 {[%clk 0:00:35]} f1=R
{[%clk 0:00:29]} 62. Re5+ {[%clk 0:00:30]} Kf4 {[%clk 0:00:34]} 63. Rh5
{[%clk 0:00:38]} Rf2# {[%clk 0:00:42]} 0-1

[Event "Russian Championship (Rapid, Women)"]
[Site "Sochi"]
[Date "2018.10.06"]
[Round "7.2"]
[White "Kashlinskaya, Alina"]
[Black "Styazhkina, Anna"]
[Result "1-0"]
[BlackElo "2214"]
[WhiteElo "2353"]
[LiveChessVersion "1.4.8"]

1. d4 {[%clk 0:15:18]} d5 {[%clk 0:15:17]} 2. c4 {[%clk 0:15:26]} c6
{[%clk 0:15:24]} 3. Nf3 {[%clk 0:15:35]} Nf6 {[%clk 0:15:31]} 4. Nc3
{[%clk 0:15:42]} dxc4 {[%clk 0:15:36]} 5. a4 {[%clk 0:15:50]} Bf5
{[%clk 0:15:41]} 6. Ne5 {[%clk 0:15:57]} Nbd7 {[%clk 0:15:13]} 7. Nxc4
{[%clk 0:16:05]} Qc7 {[%clk 0:15:21]} 8. g3 {[%clk 0:16:12]} e5 {[%clk 0:15:29]}
9. dxe5 {[%clk 0:16:15]} Nxe5 {[%clk 0:15:35]} 10. Bf4 {[%clk 0:16:22]} Nfd7
{[%clk 0:15:42]} 11. Bg2 {[%clk 0:16:28]} g5 {[%clk 0:15:34]} 12. Ne3
{[%clk 0:16:35]} gxf4 {[%clk 0:15:33]} 13. Nxf5 {[%clk 0:16:42]} a5
{[%clk 0:15:03]} 14. Rc1 {[%clk 0:15:06]} Qb6 {[%clk 0:09:55]} 15. O-O
{[%clk 0:12:59]} fxg3 {[%clk 0:08:35]} 16. hxg3 {[%clk 0:13:08]} O-O-O
{[%clk 0:06:53]} 17. Nd5 {[%clk 0:13:01]} Qxb2 {[%clk 0:04:42]} 18. Nde7+
{[%clk 0:09:43]} Bxe7 {[%clk 0:04:19]} 19. Nxe7+ {[%clk 0:09:51]} Kc7
{[%clk 0:04:19]} 20. Qe1 {[%clk 0:06:49]} Ra8 {[%clk 0:02:30]} 21. f4
{[%clk 0:05:07]} Rhe8 {[%clk 0:01:40]} 22. Nd5+ {[%clk 0:05:03]} Kb8
{[%clk 0:01:45]} 23. fxe5 {[%clk 0:04:55]} cxd5 {[%clk 0:01:44]} 24. Rxf7
{[%clk 0:04:30]} Nxe5 {[%clk 0:00:50]} 25. Rb1 {[%clk 0:04:09]} Qxb1
{[%clk 0:00:25]} 26. Qxb1 {[%clk 0:04:17]} Nxf7 {[%clk 0:00:33]} 27. Bxd5
{[%clk 0:04:24]} Nd6 {[%clk 0:00:39]} 28. e4 {[%clk 0:04:24]} Ra6
{[%clk 0:00:14]} 29. Qb2 {[%clk 0:04:32]} Ka7 {[%clk 0:00:17]} 30. e5
{[%clk 0:04:35]} Rb6 {[%clk 0:00:22]} 31. Qc3 {[%clk 0:04:44]} Nf5
{[%clk 0:00:13]} 32. Qxa5+ {[%clk 0:04:39]} Ra6 {[%clk 0:00:22]} 33. Qc5+
{[%clk 0:04:33]} Kb8 {[%clk 0:00:20]} 34. Qb5 {[%clk 0:04:28]} Re7
{[%clk 0:00:19]} 35. Bxb7 {[%clk 0:04:33]} Rg6 {[%clk 0:00:12]} 36. Be4+
{[%clk 0:04:15]} Ka7 {[%clk 0:00:16]} 37. Qa5+ {[%clk 0:03:50]} Kb8
{[%clk 0:00:22]} 38. Qa8+ {[%clk 0:03:53]} Kc7 {[%clk 0:00:30]} 39. Qb7+
{[%clk 0:04:00]} Kd8 {[%clk 0:00:36]} 40. Qb8+ {[%clk 0:04:08]} 1-0

[Event "Russian Championship (Rapid, Women)"]
[Site "Sochi"]
[Date "2018.10.06"]
[Round "7.3"]
[White "Vasilevich, Irina"]
[Black "Voit, Daria"]
[Result "1/2-1/2"]
[BlackElo "2355"]
[WhiteElo "2226"]
[LiveChessVersion "1.4.8"]

1. c4 {[%clk 0:15:17]} c5 {[%clk 0:15:19]} 2. Nc3 {[%clk 0:15:05]} Nc6
{[%clk 0:15:27]} 3. g3 {[%clk 0:15:12]} e5 {[%clk 0:15:29]} 4. Bg2
{[%clk 0:15:18]} d6 {[%clk 0:15:38]} 5. a3 {[%clk 0:15:02]} Be6 {[%clk 0:15:32]}
6. d3 {[%clk 0:15:09]} a5 {[%clk 0:15:34]} 7. e3 {[%clk 0:14:57]} g6
{[%clk 0:15:17]} 8. Nge2 {[%clk 0:15:02]} Bg7 {[%clk 0:15:15]} 9. Qb3
{[%clk 0:12:50]} Rb8 {[%clk 0:15:06]} 10. Nd5 {[%clk 0:12:40]} Nge7
{[%clk 0:15:03]} 11. Nec3 {[%clk 0:12:33]} O-O {[%clk 0:15:06]} 12. O-O
{[%clk 0:12:30]} Qd7 {[%clk 0:14:57]} 13. Nb6 {[%clk 0:10:46]} Qd8
{[%clk 0:14:59]} 14. Ncd5 {[%clk 0:09:52]} Nc8 {[%clk 0:14:21]} 15. Bd2
{[%clk 0:09:07]} f5 {[%clk 0:13:49]} 16. Nxc8 {[%clk 0:08:44]} Qxc8
{[%clk 0:13:39]} 17. Qb5 {[%clk 0:08:14]} Qd8 {[%clk 0:13:33]} 18. f4
{[%clk 0:05:01]} exf4 {[%clk 0:13:05]} 19. gxf4 {[%clk 0:05:04]} Bd7
{[%clk 0:12:55]} 20. Qb3 {[%clk 0:04:56]} b6 {[%clk 0:08:56]} 21. Bc3
{[%clk 0:04:45]} Bxc3 {[%clk 0:06:42]} 22. Qxc3 {[%clk 0:04:53]} Be6
{[%clk 0:06:44]} 23. b4 {[%clk 0:03:49]} axb4 {[%clk 0:06:33]} 24. axb4
{[%clk 0:03:58]} cxb4 {[%clk 0:06:40]} 25. Nxb4 {[%clk 0:04:06]} Nxb4
{[%clk 0:06:47]} 26. Qxb4 {[%clk 0:04:14]} Qc7 {[%clk 0:06:55]} 27. Ra6
{[%clk 0:03:16]} Bc8 {[%clk 0:03:45]} 28. Bd5+ {[%clk 0:03:05]} Kh8
{[%clk 0:03:21]} 29. Qb2+ {[%clk 0:02:14]} Qg7 {[%clk 0:03:29]} 30. Qxg7+
{[%clk 0:02:22]} Kxg7 {[%clk 0:03:38]} 31. Ra7+ {[%clk 0:02:30]} Kh8
{[%clk 0:03:41]} 32. Rb1 {[%clk 0:01:54]} Re8 {[%clk 0:03:50]} 33. Kf2
{[%clk 0:02:03]} Be6 {[%clk 0:03:58]} 34. Ra6 {[%clk 0:01:21]} Bxd5
{[%clk 0:03:47]} 35. cxd5 {[%clk 0:01:30]} Rbc8 {[%clk 0:03:57]} 36. Rb2
{[%clk 0:00:29]} Rc5 {[%clk 0:03:43]} 37. d4 {[%clk 0:00:38]} Rc3
{[%clk 0:03:13]} 38. Raxb6 {[%clk 0:00:26]} Rcxe3 {[%clk 0:02:52]} 39. Rxd6
{[%clk 0:00:24]} R3e4 {[%clk 0:03:00]} 40. Kf3 {[%clk 0:00:17]} Rxd4
{[%clk 0:03:01]} 41. Re6 {[%clk 0:00:14]} Rd8 {[%clk 0:02:55]} 42. Rb7
{[%clk 0:00:14]} R4xd5 {[%clk 0:02:46]} 43. Ree7 {[%clk 0:00:23]} Rd3+
{[%clk 0:02:54]} 44. Ke2 {[%clk 0:00:32]} Rh3 {[%clk 0:03:01]} 45. Kf2
{[%clk 0:00:18]} Rxh2+ {[%clk 0:03:08]} 46. Kg3 {[%clk 0:00:27]} Rh5
{[%clk 0:03:13]} 47. Rec7 {[%clk 0:00:32]} Rg8 {[%clk 0:02:36]} 48. Rf7
{[%clk 0:00:27]} g5 {[%clk 0:01:47]} 49. Rxf5 {[%clk 0:00:27]} gxf4+
{[%clk 0:01:40]} 50. Kxf4 {[%clk 0:00:35]} Rh4+ {[%clk 0:01:46]} 51. Kf3
{[%clk 0:00:33]} Rh3+ {[%clk 0:01:50]} 52. Kf2 {[%clk 0:00:33]} Rh2+
{[%clk 0:00:42]} 53. Kf3 {[%clk 0:00:42]} Rh1 {[%clk 0:00:38]} 54. Kf2
{[%clk 0:00:47]} Rh2+ {[%clk 0:00:40]} 1/2-1/2

[Event "Russian Championship (Rapid, Women)"]
[Site "Sochi"]
[Date "2018.10.06"]
[Round "7.4"]
[White "Guseva, Marina"]
[Black "Goltseva, Ekaterina"]
[Result "1-0"]
[BlackElo "2203"]
[WhiteElo "2320"]
[LiveChessVersion "1.4.8"]

1. d4 {[%clk 0:15:19]} d5 {[%clk 0:15:17]} 2. c4 {[%clk 0:15:27]} dxc4
{[%clk 0:15:25]} 3. e4 {[%clk 0:15:35]} b5 {[%clk 0:15:17]} 4. a4
{[%clk 0:15:41]} c6 {[%clk 0:15:20]} 5. axb5 {[%clk 0:15:50]} cxb5
{[%clk 0:15:28]} 6. Nc3 {[%clk 0:15:59]} a6 {[%clk 0:15:34]} 7. Nxb5
{[%clk 0:16:08]} axb5 {[%clk 0:15:43]} 8. Rxa8 {[%clk 0:16:16]} Bb7
{[%clk 0:15:52]} 9. Ra1 {[%clk 0:16:24]} e6 {[%clk 0:15:54]} 10. f3
{[%clk 0:16:31]} Nc6 {[%clk 0:15:00]} 11. Ne2 {[%clk 0:16:31]} Bb4+
{[%clk 0:14:43]} 12. Bd2 {[%clk 0:16:33]} Nge7 {[%clk 0:13:44]} 13. Bxb4
{[%clk 0:15:09]} Nxb4 {[%clk 0:13:53]} 14. Nc3 {[%clk 0:15:15]} Qb6
{[%clk 0:11:03]} 15. b3 {[%clk 0:08:23]} O-O {[%clk 0:08:58]} 16. bxc4
{[%clk 0:08:30]} bxc4 {[%clk 0:09:06]} 17. Na4 {[%clk 0:07:20]} Qa5
{[%clk 0:07:46]} 18. Kf2 {[%clk 0:07:28]} e5 {[%clk 0:03:52]} 19. Bxc4
{[%clk 0:04:51]} exd4 {[%clk 0:03:04]} 20. Qb3 {[%clk 0:03:33]} Nec6
{[%clk 0:02:12]} 21. Rhb1 {[%clk 0:03:26]} Qg5 {[%clk 0:01:53]} 22. Kg1
{[%clk 0:02:46]} h5 {[%clk 0:01:19]} 23. Kh1 {[%clk 0:02:39]} h4 {[%clk 0:01:04]}
24. Nb6 {[%clk 0:02:14]} h3 {[%clk 0:00:30]} 25. Rg1 {[%clk 0:02:22]} Qh5
{[%clk 0:00:22]} 26. Nd5 {[%clk 0:02:10]} Nxd5 {[%clk 0:00:21]} 27. Bxd5
{[%clk 0:02:06]} hxg2+ {[%clk 0:00:18]} 28. Rxg2 {[%clk 0:02:15]} Ne5
{[%clk 0:00:14]} 29. Qxb7 {[%clk 0:02:03]} Nxf3 {[%clk 0:00:16]} 30. Qb2
{[%clk 0:01:47]} Nh4 {[%clk 0:00:15]} 31. Rg3 {[%clk 0:01:54]} Qe5
{[%clk 0:00:12]} 32. Qf2 {[%clk 0:01:29]} d3 {[%clk 0:00:13]} 33. Rag1
{[%clk 0:01:33]} g6 {[%clk 0:00:13]} 34. Rg5 {[%clk 0:01:36]} Qh8
{[%clk 0:00:12]} 35. R5g4 {[%clk 0:01:39]} d2 {[%clk 0:00:12]} 36. Rxh4
{[%clk 0:01:13]} 1-0

[Event "Russian Championship (Rapid, Women)"]
[Site "Sochi"]
[Date "2018.10.06"]
[Round "7.5"]
[White "Tomilova, Elena"]
[Black "Baraeva, Marina"]
[Result "1/2-1/2"]
[BlackElo "2204"]
[WhiteElo "2275"]
[LiveChessVersion "1.4.8"]

1. c4 {[%clk 0:15:19]} e5 {[%clk 0:15:18]} 2. g3 {[%clk 0:15:27]} Nf6
{[%clk 0:15:25]} 3. Bg2 {[%clk 0:15:36]} d5 {[%clk 0:15:18]} 4. cxd5
{[%clk 0:15:44]} Nxd5 {[%clk 0:15:26]} 5. Nf3 {[%clk 0:15:53]} Nc6
{[%clk 0:15:35]} 6. O-O {[%clk 0:16:00]} Be7 {[%clk 0:15:43]} 7. d4
{[%clk 0:16:08]} exd4 {[%clk 0:15:15]} 8. Nxd4 {[%clk 0:16:15]} Nxd4
{[%clk 0:15:11]} 9. Qxd4 {[%clk 0:16:23]} Nf6 {[%clk 0:15:15]} 10. Qa4+
{[%clk 0:16:30]} c6 {[%clk 0:14:53]} 11. Rd1 {[%clk 0:16:33]} Qb6
{[%clk 0:14:56]} 12. Be3 {[%clk 0:16:36]} Bc5 {[%clk 0:14:14]} 13. Bxc5
{[%clk 0:16:35]} Qxc5 {[%clk 0:14:22]} 14. b4 {[%clk 0:16:17]} Qb6
{[%clk 0:13:02]} 15. Nc3 {[%clk 0:16:00]} O-O {[%clk 0:12:58]} 16. b5
{[%clk 0:15:00]} c5 {[%clk 0:12:09]} 17. Qf4 {[%clk 0:14:23]} Be6
{[%clk 0:10:48]} 18. a4 {[%clk 0:13:58]} Qa5 {[%clk 0:10:49]} 19. Ne4
{[%clk 0:12:53]} Nxe4 {[%clk 0:10:31]} 20. Bxe4 {[%clk 0:12:52]} Rab8
{[%clk 0:10:47]} 21. Qh4 {[%clk 0:10:52]} h6 {[%clk 0:10:25]} 22. Bc2
{[%clk 0:09:23]} b6 {[%clk 0:10:28]} 23. Qe4 {[%clk 0:09:13]} g6 {[%clk 0:10:36]}
24. Qe3 {[%clk 0:09:17]} Kh7 {[%clk 0:10:05]} 25. h4 {[%clk 0:09:03]} Rbe8
{[%clk 0:09:08]} 26. Qf3 {[%clk 0:06:40]} Qb4 {[%clk 0:08:13]} 27. h5
{[%clk 0:06:23]} Qg4 {[%clk 0:07:29]} 28. Rd6 {[%clk 0:04:48]} Qxf3
{[%clk 0:06:13]} 29. exf3 {[%clk 0:04:56]} f5 {[%clk 0:06:22]} 30. hxg6+
{[%clk 0:04:51]} Kxg6 {[%clk 0:06:31]} 31. a5 {[%clk 0:04:48]} Kf6
{[%clk 0:03:49]} 32. axb6 {[%clk 0:04:50]} axb6 {[%clk 0:03:58]} 33. Re1
{[%clk 0:03:46]} c4 {[%clk 0:03:24]} 34. Rxb6 {[%clk 0:03:39]} Kf7
{[%clk 0:03:28]} 35. Rd6 {[%clk 0:02:57]} Re7 {[%clk 0:03:22]} 36. b6
{[%clk 0:02:47]} Rb8 {[%clk 0:03:26]} 37. Ra1 {[%clk 0:01:41]} Reb7
{[%clk 0:03:19]} 38. Ra7 {[%clk 0:01:32]} Ke7 {[%clk 0:03:27]} 39. Rc6
{[%clk 0:01:38]} Kf6 {[%clk 0:02:32]} 40. Rxb7 {[%clk 0:01:18]} Rxb7
{[%clk 0:02:40]} 41. g4 {[%clk 0:01:19]} fxg4 {[%clk 0:02:24]} 42. Be4
{[%clk 0:00:43]} c3 {[%clk 0:01:28]} 43. f4 {[%clk 0:00:23]} Ke7 {[%clk 0:00:34]}
44. f5 {[%clk 0:00:29]} Bf7 {[%clk 0:00:41]} 45. f6+ {[%clk 0:00:21]} Kd7
{[%clk 0:00:39]} 46. Kg2 {[%clk 0:00:27]} c2 {[%clk 0:00:39]} 47. Rxc2
{[%clk 0:00:26]} Rxb6 {[%clk 0:00:46]} 48. Bf5+ {[%clk 0:00:33]} 1/2-1/2

[Event "Russian Championship (Rapid, Women)"]
[Site "Sochi"]
[Date "2018.10.06"]
[Round "7.6"]
[White "Drozdova, Dina"]
[Black "Maletina, Tatiana"]
[Result "1-0"]
[BlackElo "2246"]
[WhiteElo "2206"]
[LiveChessVersion "1.4.8"]

1. d4 {[%clk 0:15:18]} d5 {[%clk 0:15:19]} 2. c4 {[%clk 0:15:26]} c6
{[%clk 0:15:28]} 3. cxd5 {[%clk 0:15:34]} cxd5 {[%clk 0:15:37]} 4. Nf3
{[%clk 0:15:43]} Nc6 {[%clk 0:15:45]} 5. Nc3 {[%clk 0:15:51]} Nf6
{[%clk 0:15:53]} 6. Bf4 {[%clk 0:16:00]} a6 {[%clk 0:15:54]} 7. Rc1
{[%clk 0:15:53]} e6 {[%clk 0:16:02]} 8. e3 {[%clk 0:15:55]} Bd6 {[%clk 0:16:11]}
9. Bg5 {[%clk 0:14:41]} O-O {[%clk 0:16:16]} 10. Bd3 {[%clk 0:14:50]} h6
{[%clk 0:16:17]} 11. Bh4 {[%clk 0:14:55]} Be7 {[%clk 0:16:25]} 12. Bb1
{[%clk 0:14:54]} Ne8 {[%clk 0:15:58]} 13. Qc2 {[%clk 0:12:30]} f5
{[%clk 0:16:04]} 14. Bxe7 {[%clk 0:12:30]} Qxe7 {[%clk 0:16:11]} 15. O-O
{[%clk 0:12:25]} Nd6 {[%clk 0:15:49]} 16. Na4 {[%clk 0:12:22]} Bd7
{[%clk 0:15:33]} 17. Nb6 {[%clk 0:11:56]} Rad8 {[%clk 0:15:21]} 18. Ne5
{[%clk 0:11:45]} Be8 {[%clk 0:15:17]} 19. f4 {[%clk 0:06:24]} Ne4
{[%clk 0:14:51]} 20. Nd3 {[%clk 0:03:53]} Nb4 {[%clk 0:11:39]} 21. Qc7
{[%clk 0:03:00]} Qxc7 {[%clk 0:11:45]} 22. Rxc7 {[%clk 0:03:09]} Nxd3
{[%clk 0:11:39]} 23. Bxd3 {[%clk 0:03:17]} Nd6 {[%clk 0:11:47]} 24. Rfc1
{[%clk 0:03:00]} Rf7 {[%clk 0:10:28]} 25. Rxf7 {[%clk 0:02:57]} Kxf7
{[%clk 0:09:42]} 26. a4 {[%clk 0:02:53]} a5 {[%clk 0:08:39]} 27. b3
{[%clk 0:02:19]} g5 {[%clk 0:08:05]} 28. g3 {[%clk 0:02:22]} gxf4
{[%clk 0:08:12]} 29. gxf4 {[%clk 0:02:22]} Kf6 {[%clk 0:07:36]} 30. Rc5
{[%clk 0:02:21]} Ne4 {[%clk 0:07:45]} 31. Bxe4 {[%clk 0:02:23]} fxe4
{[%clk 0:07:54]} 32. Rxa5 {[%clk 0:00:29]} Rd6 {[%clk 0:08:03]} 33. Nc8
{[%clk 0:00:38]} Rc6 {[%clk 0:06:50]} 34. Rc5 {[%clk 0:00:47]} Rxc5
{[%clk 0:06:46]} 35. dxc5 {[%clk 0:00:56]} e5 {[%clk 0:06:55]} 36. fxe5+
{[%clk 0:01:04]} Kxe5 {[%clk 0:07:03]} 37. Nd6 {[%clk 0:01:13]} Bc6
{[%clk 0:07:11]} 38. Nf7+ {[%clk 0:01:15]} Kf6 {[%clk 0:06:34]} 39. Nd8
{[%clk 0:01:24]} Bd7 {[%clk 0:06:38]} 40. Nxb7 {[%clk 0:01:30]} Ke5
{[%clk 0:06:47]} 41. Na5 {[%clk 0:01:28]} d4 {[%clk 0:06:55]} 42. Nc4+
{[%clk 0:01:37]} Ke6 {[%clk 0:07:02]} 43. exd4 {[%clk 0:01:44]} Bc6
{[%clk 0:07:12]} 44. Ne3 {[%clk 0:01:46]} Bd7 {[%clk 0:07:17]} 45. Kf2
{[%clk 0:01:52]} Kf6 {[%clk 0:07:26]} 46. Kg3 {[%clk 0:01:57]} Kg5
{[%clk 0:07:35]} 47. h4+ {[%clk 0:02:06]} Kh5 {[%clk 0:07:45]} 48. d5
{[%clk 0:02:14]} Kg6 {[%clk 0:07:46]} 49. c6 {[%clk 0:02:19]} Bc8
{[%clk 0:07:55]} 50. d6 {[%clk 0:02:26]} Be6 {[%clk 0:08:01]} 51. d7
{[%clk 0:02:34]} 1-0

[Event "Russian Championship (Rapid, Women)"]
[Site "Sochi"]
[Date "2018.10.06"]
[Round "7.7"]
[White "Maltsevskaya, Aleksandra"]
[Black "Bivol, Alina"]
[Result "1/2-1/2"]
[BlackElo "2322"]
[WhiteElo "2194"]
[LiveChessVersion "1.4.8"]

1. Nf3 {[%clk 0:15:17]} Nf6 {[%clk 0:15:19]} 2. g3 {[%clk 0:15:25]} g6
{[%clk 0:15:28]} 3. Bg2 {[%clk 0:15:34]} Bg7 {[%clk 0:15:36]} 4. O-O
{[%clk 0:15:42]} O-O {[%clk 0:15:44]} 5. d4 {[%clk 0:15:51]} d6 {[%clk 0:15:53]}
6. b3 {[%clk 0:15:59]} a6 {[%clk 0:13:29]} 7. Bb2 {[%clk 0:13:22]} b5
{[%clk 0:12:04]} 8. a4 {[%clk 0:11:11]} Bb7 {[%clk 0:12:02]} 9. Nbd2
{[%clk 0:10:27]} Nbd7 {[%clk 0:12:07]} 10. Re1 {[%clk 0:10:33]} Re8
{[%clk 0:11:12]} 11. e3 {[%clk 0:06:33]} e5 {[%clk 0:11:06]} 12. dxe5
{[%clk 0:06:41]} Nd5 {[%clk 0:08:20]} 13. axb5 {[%clk 0:06:27]} axb5
{[%clk 0:08:13]} 14. Qe2 {[%clk 0:05:47]} b4 {[%clk 0:06:30]} 15. Nc4
{[%clk 0:02:50]} dxe5 {[%clk 0:06:16]} 16. e4 {[%clk 0:02:42]} N5b6
{[%clk 0:06:08]} 17. Na5 {[%clk 0:02:32]} Ba6 {[%clk 0:04:46]} 18. Qe3
{[%clk 0:02:13]} c5 {[%clk 0:04:20]} 19. Nd2 {[%clk 0:01:59]} Qc7
{[%clk 0:04:22]} 20. Red1 {[%clk 0:01:57]} Bb5 {[%clk 0:04:24]} 21. Nac4
{[%clk 0:01:59]} Nxc4 {[%clk 0:04:26]} 22. bxc4 {[%clk 0:01:58]} Bc6
{[%clk 0:04:30]} 23. Bh3 {[%clk 0:01:44]} Nb6 {[%clk 0:04:15]} 24. Rxa8
{[%clk 0:00:39]} Rxa8 {[%clk 0:04:09]} 25. Bf1 {[%clk 0:00:33]} Ra2
{[%clk 0:03:54]} 26. Ba1 {[%clk 0:00:13]} Na4 {[%clk 0:03:29]} 27. Nb3
{[%clk 0:00:18]} Rxc2 {[%clk 0:02:49]} 28. Qd3 {[%clk 0:00:17]} Ra2
{[%clk 0:01:41]} 29. Qd8+ {[%clk 0:00:26]} Qxd8 {[%clk 0:01:50]} 30. Rxd8+
{[%clk 0:00:35]} Bf8 {[%clk 0:01:59]} 31. Bxe5 {[%clk 0:00:43]} Nb6
{[%clk 0:01:58]} 32. Bd6 {[%clk 0:00:27]} Ra8 {[%clk 0:02:03]} 33. Rxa8
{[%clk 0:00:13]} Bxa8 {[%clk 0:02:10]} 34. Bxc5 {[%clk 0:00:17]} Bxc5
{[%clk 0:02:14]} 35. Nxc5 {[%clk 0:00:26]} Kf8 {[%clk 0:02:18]} 36. Bd3
{[%clk 0:00:32]} Ke7 {[%clk 0:02:27]} 37. e5 {[%clk 0:00:40]} Bf3
{[%clk 0:02:31]} 38. Kf1 {[%clk 0:00:30]} Nd7 {[%clk 0:01:57]} 39. Nxd7
{[%clk 0:00:12]} Kxd7 {[%clk 0:02:06]} 40. Ke1 {[%clk 0:00:19]} Ke6
{[%clk 0:02:15]} 41. Kd2 {[%clk 0:00:23]} Kxe5 {[%clk 0:02:09]} 42. Ke3
{[%clk 0:00:24]} Bd1 {[%clk 0:02:16]} 43. f4+ {[%clk 0:00:29]} Kd6
{[%clk 0:02:26]} 44. Kd4 {[%clk 0:00:38]} b3 {[%clk 0:02:27]} 45. c5+
{[%clk 0:00:45]} Kc6 {[%clk 0:02:34]} 46. Be4+ {[%clk 0:00:33]} Kb5
{[%clk 0:02:37]} 47. Bd3+ {[%clk 0:00:20]} Kc6 {[%clk 0:02:30]} 48. Be4+
{[%clk 0:00:28]} 1/2-1/2